• 首页
  • 本馆介绍
  • 公告通知
  • 最新文献
  • 馆藏检索
  • 电子资源
  • 读者导购
  • 参考咨询
  • 我的图书馆
  • 登录
  • 详细信息显示
  • 放入我的书架
  • 预约/预借图书
  • 作者相关作品
  • 分类相关作品
  • 丛书相关作品
  • 出版社相关作品

书目信息

  • 表格格式
  • 工作单格式
  • 卡片格式
题名:
设施园艺学
    
 
作者: 张福墁 主编
分册:  
出版信息: 北京   中国农业大学出版社  2010
页数: 328页
开本: 26cm
丛书名:
单 册:
中图分类: S62 , S62
科图分类:
主题词: 园艺--保护地栽培--高等教育--教材
电子资源:
ISBN: 978-7-81117-835-7
000 00923nam0 2200253 450
001 012015000150
005 20241101172636.37
010    @a978-7-81117-835-7@dCNY35.00
100    @a20101028d2010 em y0chiy50 ea
101 0  @achi
102    @aCN@b110000
105    @ay z 000yy
200 1  @a设施园艺学@Ashe shi yuan yi xue@f张福墁主编
205    @a2版
210    @a北京@c中国农业大学出版社@d2010
215    @a328页@c图@d26cm
300    @a普通高等教育“十一五”国家级规划教材 面向21世纪课程教材
330    @a本书介绍了中国设施园艺发展的历史、现状及前景,设施园艺的特点,在国民经济中的地位与作用;园艺设施的类型、结构、性能及应用;园艺设施的覆盖材料;园艺设施的环境特征及其调节控制;园艺设施的规划设计与建造等内容。
606 0  @a园艺@x保护地栽培@x高等教育@j教材
690    @aS62@v5
690    @aS62@v5
701  0 @a张福墁@Azhang fu man@4主编
801  0 @aCN@b碧洲教育@c20150716
905    @a10447@f4@dS62@e316=2
    
    设施园艺学/张福墁主编.-2版.-北京:中国农业大学出版社,2010
    328页:图;26cm
    普通高等教育“十一五”国家级规划教材 面向21世纪课程教材
    
    ISBN 978-7-81117-835-7:CNY35.00
    本书介绍了中国设施园艺发展的历史、现状及前景,设施园艺的特点,在国民经济中的地位与作用;园艺设施的类型、结构、性能及应用;园艺设施的覆盖材料;园艺设施的环境特征及其调节控制;园艺设施的规划设计与建造等内容。
●
相关链接 在E读中查询图书 在五车中查询图书 在当当中查询图书 在豆瓣中查询图书


正题名:设施园艺学     索取号:S62/316=2         预约/预借

序号 登录号 条形码 馆藏地/架位号 状态 备注
1 0870378   208703786   密集书库-生命科学系/ [索取号:S62/316=2] 在馆    
2 0870379   208703795   第三借阅区/ [索取号:S62/316=2] 在馆    
3 0870431   208704311   第三借阅区/ [索取号:S62/316=2] 在馆    
4 0870432   208704320   第三借阅区/ [索取号:S62/316=2] 在馆    
5 1424768   214247689   密集书库-生命科学系/ [索取号:S62/316=2] 在馆    
唐山师范学院图书馆 欢迎您!
大连网信软件有限公司© 版权所有